Missing Word: 3-Word Movies' Last Words (A-Z) Quiz Stats

Quiz Updated Aug 30, 2015

Challenge
Share
Tweet
Embed
Score 0/26 Timer 04:00
0 Plays Today
Hint Missing Word % Correct
No Strings _____Attached
99.5%
12 Angry _____Men
98.8%
Good Will _____Hunting
98.2%
Driving Miss _____Daisy
97.8%
Full Metal _____Jacket
96.6%
A Clockwork _____Orange
96.5%
Little Miss _____Sunshine
94.9%
Dallas Buyers _____Club
94.6%
North by _____Northwest
94.4%
The Longest _____Yard
94%
The African _____Queen
93.6%
East of _____Eden
93.5%
Cool Hand _____Luke
93%
Hint Missing Word % Correct
Spies Like _____Us
92%
V for _____Vendetta
90%
Natural Born _____Killers
89.3%
American History _____X
88.6%
Let Me _____In
88.4%
Burn After _____Reading
87.6%
Silver Linings _____Playbook
86.2%
Into the _____Wild
86.1%
Lost in _____Translation
84.8%
Grosse Pointe _____Blank
80.6%
City of _____God
80.3%
The Dead _____Zone
75.8%
Only God _____Forgives
42.6%

Today's Daily Dose

You're not logged in!

Compare scores with friends on all Sporcle quizzes.
Join for Free
OR
Log In

You Might Also Like...

Show Comments

Extras

Top Quizzes Today


Score Distribution

Your Account Isn't Verified!

In order to create a playlist on Sporcle, you need to verify the email address you used during registration. Go to your Sporcle Settings to finish the process.

Report this User

Report this user for behavior that violates our Community Guidelines.

Details: